| 000 | 00547nam a22001817a 4500 | ||
|---|---|---|---|
| 005 | 20251108165358.0 | ||
| 008 | 250721s1994 xx 000 0 ara d | ||
| 082 | 1 | 4 | _aم/016.21/منج |
| 100 | 1 | _aالمنجد، محمد صالح | |
| 245 | 1 | 0 | _aالدليل إلى مراجع الموضوعات الإسلامية / |
| 264 | 1 |
_aالرياض : _bدارالوطن، _c1994. |
|
| 300 | _a512 ص | ||
| 650 | 1 | 7 | _aالبيبلوغرافيا |
| 650 | 1 | 7 | _aالإسلام |
| 650 | 1 | 7 | _aمواد مرجعية |
| 942 |
_2ddc _cREF |
||
| 999 |
_c26468 _d26468 |
||